000 00294nam a22001337a 4500
008 170308b xxu||||| |||| 00| 0 eng d
020 _a9780130896704
041 _aeng
080 _26TH
_a611
100 _a6
101 _aSHM
245 _aANATOMY & PHYSIOLOGY
_cTORTORA, G.J
942 _2udc
_cBK
999 _c7216
_d7216